000 01055cam a2200301 a 4500
999 _c7123
_d7123
001 12591819
003 OSt
005 20210903153047.0
008 011116s2001 enka b 001 0 eng
010 _a 2001280073
020 _a0750646810
040 _aDLC
_cDDC
_dDLC
050 0 0 _aQD921
_b.H84 2001
082 0 0 _a548HUL2001
100 1 _aHull, Derek.
_914671
245 1 0 _aIntroduction to dislocations /
_cby Hull D. and Bacon D.J.
250 _a4th ed.
260 _aOxford [Oxfordshire] ;
_aBoston :
_bButterworth-Heinemann,
_c2001.
300 _avii, 242 p. :
_bill. ;
_c25 cm.
504 _aIncludes;bibliographical references and index.
650 0 _aChemistry
_9797
700 1 _aBacon, D. J.
_93627
856 4 2 _3Publisher description
_uhttp://www.loc.gov/catdir/description/els031/2001280073.html
856 4 1 _3Table of contents
_uhttp://www.loc.gov/catdir/toc/els031/2001280073.html
906 _a7
_bcbc
_corigcop
_d3
_encip
_f20
_gy-gencatlg
942 _2ddc
_cO_SHELF